Фехтование на шпагах (соревновательная деятельность и методика технико-тактического совершенствования)

Manylion Llyfryddiaeth
Prif Awdur: Смоляков Ю. Т. Юрий Тимофеевич
Awduron Eraill: Тышлер Д А. Давид Абрамович
Iaith:Rwseg
Cyhoeddwyd: Минск, Вышэйшая школа, 1985
Pynciau:
Fformat: MixedMaterials Llyfr
KOHA link:https://koha.lib.tpu.ru/cgi-bin/koha/opac-detail.pl?biblionumber=123169

MARC

LEADER 00000nam0a2200000 4500
001 123169
005 20231031130413.0
035 |a (RuTPU)RU\TPU\book\133340 
090 |a 123169 
100 |a 20071012d1985 m y0rusy50 ca 
101 0 |a rus 
102 |a BY 
105 |a a z 001zy 
200 1 |a Фехтование на шпагах (соревновательная деятельность и методика технико-тактического совершенствования)  |f Ю. Т. Смоляков, Д А. Тышлер 
210 |a Минск  |c Вышэйшая школа  |d 1985 
215 |a 160 с.  |c ил. 
320 |a Библиогр.: с. 158 
610 1 |a спорт 
610 1 |a физкультура 
610 1 |a фехтование 
610 1 |a шпаги 
610 1 |a соревновательная деятельность 
610 1 |a совершенствование 
610 1 |a единоборства 
610 1 |a соревнования 
610 1 |a технические приемы 
675 |a 793  |v 3 
700 1 |a Смоляков  |b Ю. Т.  |g Юрий Тимофеевич 
701 1 |a Тышлер  |b Д А.  |g Давид Абрамович 
801 1 |a RU  |b 63413507  |c 20071012  |g PSBO 
942 |c BK